000 00793nac a22002417a 4500
001 BR4500110
003 BR-BrBNA
005 20240105112839.0
008 230509b bl.|||m| |||| 00| 0 por d
040 _aBR-BrBNA
_bpor
_cBiblioteca Nacional de Agricultura
072 _aE15
090 _aE15 BR4500110
110 1 _aInstituto Brasileiro de Geografia e Estatistica, Rio de Janeiro, GB
_95780
245 1 _aRelatorio de 1944 [Instituto Brasileiro de Geografia e Estatistica]
260 3 _aRio de Janeiro, GB (Brasil):
_c1945.
300 _a243 p.
490 _aRelatorio - Instituto Brasileiro de Geografia e Estatistica (Brazil)
_v
_x
650 _aGEOGRAFIA
650 _aESTATISTICA
650 _aCENSO
909 _a202312
_bLúcia Elande
_c55
_dLúcia Elande
942 _2AGRIS
_n0
_cMS
999 _c260580
_d260580